Fr. Conceicao Rodrigues College of Engineering

Malgudi Adventures (Record no. 33146)

MARC details
000 -LEADER
fixed length control field 00312nam a2200157Ia 4500
082 ## - DEWEY DECIMAL CLASSIFICATION NUMBER
Classification number 808.83/NAR
Item number NAR
100 ## - MAIN ENTRY--PERSONAL NAME
Personal name Narayan/R.K
245 ## - TITLE STATEMENT
Title Malgudi Adventures
260 ## - PUBLICATION, DISTRIBUTION, ETC.
Name of publisher, distributor, etc. Puffin books
Date of publication, distribution, etc. 2004
366 ## - TRADE AVAILABILITY INFORMATION
Publishers's discount category 17.5
300 ## - PHYSICAL DESCRIPTION
Extent 270
546 ## - LANGUAGE NOTE
Language note ENGLISH
650 ## - SUBJECT ADDED ENTRY--TOPICAL TERM
Topical term or geographic name entry element Fiction
942 ## - ADDED ENTRY ELEMENTS (KOHA)
Koha item type BOOK
Holdings
Withdrawn status Lost status Damaged status Not for loan Collection Home library Current library Date acquired Source of acquisition Cost, normal purchase price Inventory number Total Checkouts Full call number Barcode Date last seen Date last checked out Cost, replacement price Price effective from Koha item type
        CRC Fr. Agnel's C.Rodrigues College of Engineering AGNEL TECHNICAL COLLEGE LIBRARY 17/03/2023 Educational books and periodicals 164.18 258 dt 27/04/2009 1 808.83/NAR NAR 19591 11/12/2023 05/10/2023 199.00   BOOK